|
|
|
|
| LEADER |
00000nam a2200000 a 4500 |
| 001 |
vtls008621792 |
| 003 |
SK-MaSNL |
| 005 |
20260302022426.0 |
| 008 |
240314s2005 xo g 000 0 cze |
| 015 |
|
|
|a SNBA2006/06-03247
|
| 020 |
|
|
|a 8080790361
|q (brož.)
|
| 035 |
|
|
|a C2AB9303-38F2-4EEF-8C58-19CBEFD83362
|
| 035 |
|
|
|a urn:nbn:sk:snk-aml4mb
|
| 035 |
|
|
|a urn:nbn:sk:snk-am008wiv
|
| 040 |
|
|
|a SNK
|b slo
|c SNK
|e AACR2
|
| 041 |
1 |
|
|a cze
|h eng
|
| 044 |
|
|
|a xo
|c SK
|
| 072 |
|
7 |
|a 13
|x Filozofia ducha
|2 konspekt
|
| 072 |
|
7 |
|a 133
|x Ezoterizmus. Okultizmus
|2 konspekt
|
| 080 |
|
|
|a 133.3
|2 2001
|
| 080 |
|
|
|a 13
|2 2001
|
| 080 |
|
|
|a 133
|2 2001
|
| 080 |
|
|
|a 615.89
|2 2001
|
| 080 |
|
|
|a (0:82-32)
|2 2001
|
| 100 |
1 |
|
|a VonderOhe, Kieth
|4 aut
|9 667926
|
| 245 |
1 |
0 |
|a Edgar Cayce - 200 inspirujících příběhů
|c Kieth VonderOhe ; [překl.: M. Židlický]
|
| 246 |
3 |
3 |
|a 200 inspirujících příběhů
|
| 250 |
|
|
|a 1. vyd.
|
| 260 |
|
|
|a Bratislava
|b Eko-konzult
|c 2005
|
| 300 |
|
|
|a 215 s.
|c 21 cm
|
| 500 |
|
|
|a Pravdepodobne prel. z angl.
|
| 600 |
1 |
7 |
|a Cayce, Edgar,
|d 1877-1945
|2 SNKMA
|9 117764
|
| 650 |
0 |
7 |
|a ľudové liečiteľstvo
|2 SNKPH
|9 1145
|
| 650 |
0 |
7 |
|a duchovný život
|2 SNKPH
|9 1807
|
| 650 |
0 |
7 |
|a jasnovidectvo
|2 SNKPH
|9 2087
|
| 650 |
0 |
7 |
|a ľudoví liečitelia
|2 SNKPH
|9 85321
|
| 650 |
0 |
7 |
|a karma
|2 SNKPH
|9 2748
|
| 655 |
|
7 |
|a príbehy
|2 SNKPH
|9 70507
|
| 700 |
1 |
|
|a Židlický, Milan
|4 trl
|9 65070
|
| 700 |
1 |
|
|a Cayce, Edgar,
|d 1877-1945
|4 cre
|9 117764
|
| 919 |
|
|
|a 80-8079-036-1
|
| 958 |
|
|
|a OP
|
| 958 |
|
|
|a OND
|
| 968 |
|
|
|a ČES
|b ENG
|d 1
|
| 999 |
|
|
|c 1032713
|d 1034643
|
| 952 |
|
|
|a SNK
|b SNK
|y PREZ
|7 0
|p 17A0497716
|o snkSC 122640
|i snk2006/2839
|8 0
|0 0
|1 0
|4 0
|d 2006-02-10
|f 1
|l 0
|r 2025-06-03 00:00:00
|w 2026-02-24
|
| 952 |
|
|
|a SNK
|b SNK
|y VYP
|7 0
|p 17A0497715
|o snkSC 122640 D1
|i snk2006/2840
|8 0
|0 0
|1 0
|4 0
|d 2006-02-10
|l 0
|r 2026-02-24 13:59:20
|w 2026-02-24
|